=LDR 00000nam 2200000 4500 =001 000815 =005 20250711115519 =035 ##$$a 0010-0725000685 =007 ta =008 250711################a##########0#ind## =020 ##$$a 978-602-244-277-6 =082 ##$$a 398.209 598 =084 ##$$a 398.209 598 YOV i =100 #$$a yovita siswati =245 1#$$a itam dan u /$c yovitaa siswati =250 ##$$a pertama =260 ##$$a jakarta :$b pusat perbukuan,$c 2019 =300 ##$$a 48hlm. : $b ilus. ; $c 17,5x22,9cm =700 #$$a evi shelvia =990 ##$$a TBM202400816